000 nam a22 a 4500
999 _c1154
_d1154
003 AKMAL
005 20170508144241.0
008 950812s1995 my 00 may d
020 _a9830460002 (kkt.):
_cRM 5.00
040 _aAKMAL
082 0 4 _a297.3822 GHA
090 _a297.3822
_bGHA
100 _aGhazzali,
_d1058-1111
_91520
245 1 0 _aBukan golongan sembahyang :
_bsembahyang tidak sempurna sama dengan tidak beriman /
_cImam Al-Ghazali ; diselengarakan oleh Abdul Rahman Mat Ismail
260 _aKuala Lumpur :
_bDarul Nu'man,
_c1995
300 _aiv, 119ms. ;
_c21cm
500 _aMengandungi ayat-ayat dari al-Quran
650 _aPrayer
_xIslam
_91518
650 _aIslam
_vPrayers and devotions
_91608
700 0 _aAbdul Rahman Mat Ismail
_92353
942 _2ddc
_cBOOK